معجم عربى سواحيلى
محفوظ في:
| المؤلف الرئيسي: | |
|---|---|
| مؤلفون آخرون: | |
| التنسيق: | أطروحة |
| اللغة: | Arabic |
| منشور في: |
خرطوم
: معهد خرطوم دولى غة عربية،
1989
|
| الموضوعات: | |
| الوسوم: |
إضافة وسم
لا توجد وسوم, كن أول من يضع وسما على هذه التسجيلة!
|
| LEADER | 013620000a22003370004500 | ||
|---|---|---|---|
| 001 | 88764 | ||
| 005 | 20021114224000.0 | ||
| 008 | 940131s1989 ara | ||
| 035 | |a 295066 | ||
| 035 | |a (Sirsi) 88764 | ||
| 040 | |a UIAM |b eng | ||
| 049 | |b m | ||
| 050 | |a PJ6636S9 | ||
| 100 | 1 | |a حسين، حسين على | |
| 245 | 1 | 0 | |a معجم عربى سواحيلى |
| 246 | 0 | 0 | |a Mu'jam 'Arabi Sawahili / |c i'dad Husayn 'Ali Husayn; ishraf 'Awn al-Sharif Qasim |
| 260 | 1 | |a خرطوم |b : معهد خرطوم دولى غة عربية، |c 1989 | |
| 300 | |a 2 v. ;31 cm. | ||
| 502 | |a (M.A.)--Ma'had al-Khartum al-Dawli lil-Lughat al-'Arabiyah, 1989 | ||
| 596 | |a 1 | ||
| 650 | 8 | |a لغة عربية |x معاجم سواحلى | |
| 650 | 8 | |a لغة سواحيلية |x معاجم عربى | |
| 650 | 8 | |a رسالة جامعية | |
| 650 | 0 | |a Arabic language |x Dictionaries Swahili | |
| 650 | 0 | |a Swahili language |x Dictionaries Arabic | |
| 655 | 0 | 7 | |a Theses, non-IIUM |
| 700 | 1 | |a Husayn, Husayn 'Ali | |
| 900 | |a checked a r r 110496-naw | ||
| 999 | |c 430540 |d 462031 | ||
| 952 | |0 0 |6 T PJ 006636 S9H968M V1 |7 0 |8 THESES |9 749808 |a IIUM |b IIUM |c MULTIMEDIA |g 0.00 |o t PJ6636S9H968M v1 |p 00000295069 |r 2017-10-20 |t 1 |v 0.00 |y THESIS | ||
| 952 | |0 0 |6 T PJ 006636 S9H968M V2 |7 0 |8 THESES |9 749809 |a IIUM |b IIUM |c MULTIMEDIA |g 0.00 |o t PJ6636S9H968M v2 |p 00000295222 |r 2017-10-20 |t 1 |v 0.00 |y THESIS | ||
